American humor : (Record no. 552893)
[ view plain ]
| 000 -LEADER | |
|---|---|
| fixed length control field | 00716cam a22001931a 4500 |
| 082 ## - DEWEY DECIMAL CLASSIFICATION NUMBER | |
| Classification number | 817 |
| Author Mark | ROU |
| 100 1# - MAIN ENTRY--PERSONAL NAME | |
| Personal name | Rourke, Constance, |
| 9 (RLIN) | 50163 |
| 245 10 - TITLE STATEMENT | |
| Title | American humor : |
| Remainder of title | a study of the national character / |
| Statement of responsibility, etc. | by Constance Rourke. |
| 260 ## - PUBLICATION, DISTRIBUTION, ETC. | |
| Place of publication, distribution, etc. | New York : |
| Name of publisher, distributor, etc. | Harcourt, Brace and Company, |
| Date of publication, distribution, etc. | c1931. |
| 300 ## - PHYSICAL DESCRIPTION | |
| Extent | x, 324 p. ; |
| Dimensions | 23 cm. |
| 500 ## - GENERAL NOTE | |
| General note | Includes index. |
| 526 ## - STUDY PROGRAM INFORMATION NOTE | |
| Program name | 0 |
| Interest level | 0 |
| Reading level | 0 |
| Title point value | 817_000000000000000_ROU |
| 650 #0 - SUBJECT ADDED ENTRY--TOPICAL TERM | |
| Topical term or geographic name entry element | American literature |
| General subdivision | History and criticism. |
| 9 (RLIN) | 50164 |
| 650 #0 - SUBJECT ADDED ENTRY--TOPICAL TERM | |
| Topical term or geographic name entry element | American wit and humor |
| General subdivision | History and criticism. |
| 9 (RLIN) | 50165 |
| 650 #0 - SUBJECT ADDED ENTRY--TOPICAL TERM | |
| Topical term or geographic name entry element | MCE |
| 9 (RLIN) | 379 |
| 650 #0 - SUBJECT ADDED ENTRY--TOPICAL TERM | |
| Topical term or geographic name entry element | National characteristics, American, in literature. |
| 9 (RLIN) | 50166 |
| 650 #0 - SUBJECT ADDED ENTRY--TOPICAL TERM | |
| Topical term or geographic name entry element | National characteristics, American. |
| 9 (RLIN) | 8029 |
| 942 ## - ADDED ENTRY ELEMENTS (KOHA) | |
| Source of classification or shelving scheme | |
| Koha item type | Book |
| Withdrawn status | Lost status | Source of classification or shelving scheme | Damaged status | Not for loan | Permanent Location | Current Location | Shelving location | Date acquired | Total Checkouts | Full call number | Barcode | Date last seen | Price effective from | Koha item type |
|---|---|---|---|---|---|---|---|---|---|---|---|---|---|---|
| Military College of Engineering (MCE) | Military College of Engineering (MCE) | 01/27/2015 | 817 ROU | MCE-MCA/5.2 | 01/27/2015 | 01/27/2015 | Book |
